000 00578nam a2200217Ia 4500
003 OSt
005 20250821094758.0
008 210210b2009 xxu||||| |||| 00| 0 eng d
020 _a9788126141739
040 _cAL
041 _aeng
082 _a361.614 UPAE
100 _aShivendra Upadhyaya
_9236757
245 _aEncyclopaedia of juvenile rights child rights and women rights Vol I
260 _aNew Delhi
_bAnmol Publications Pvt Ltd
_c2009
300 _ax,270p
440 _aVol 1
_9236758
690 _aHuman Rights
_9236759
906 _a064892
942 _2ddc
_cBK
999 _c141933
_d141933